The True Gentleman - Statistics

General Stats
  • This quiz has been taken 3 times
  • The average score is 94 of 127
Answer Stats
Hint Answer % Correct
a
100%
an
100%
and
100%
does
100%
Gentleman
100%
him
100%
his
100%
in
100%
is
100%
man
100%
not
100%
The
100%
the
100%
True
100%
who
100%
will
100%
achievements;
67%
acute
67%
all
67%
always
67%
another;
67%
any
67%
before
67%
boast
67%
but
67%
compels
67%
conduct
67%
conscious
67%
control
67%
cringe
67%
deed
67%
deformity;
67%
emergencies;
67%
equal
67%
feelings
67%
flatter
67%
follows
67%
frankness
67%
from
67%
good
67%
himself
67%
humble
67%
humbled
67%
if
67%
inferiority
67%
make
67%
necessity
67%
obscure
67%
obscurity,
67%
of
67%
or
67%
others,
67%
own
67%
own;
67%
poor
67%
possessions
67%
poverty,
67%
power,
67%
proceeds
67%
propriety,
67%
rights
67%
self
67%
sense
67%
sincerity
67%
speaks
67%
sympathy;
67%
thinks
67%
to
67%
wealth,
67%
whom
67%
whose
67%
with
67%
word;
67%
appears
33%
company,
33%
honor
33%
rather
33%
sacred
33%
safe.
33%
than
33%
virtue
33%
well
33%
Who said it? (first) - John
0%
(middle) Walter
0%
(last) Wayland
0%
No matching quizzes found
Score Distribution
Percent of People with Each Score
Percentile by Number Answered
Your Score History
You have not taken this quiz